Lengalenga do vento (Registo nº 4666)
[ vista simples ]
| 000 -Etiqueta do registo | |
|---|---|
| Cabeçalho | 00729nam0a2200241 4500 |
| 005 - Identificador da versão | |
| Campo de controlo | 20240813122108.0 |
| 003 - Persistent Record Identifier | |
| control field | http://id.bnportugal.gov.pt/bib/porbase/18714 |
| 100 ## - Dados gerais de processamento | |
| Dados gerais de processamento | 20190219d1976 d y0pory5003 ba |
| 102 ## - Pais de publicação ou produção | |
| País de publicação | Portugal |
| 101 0# - Língua de publicação | |
| Língua do texto, banda sonora, etc. | Português |
| 215 ## - Descrição física | |
| Indicação específica da natureza do documento e extensão da espécie | [16] p. |
| Outras indicações físicas | il. color |
| 200 1# - Titulo e menção de responsabilidade | |
| Título próprio | Lengalenga do vento |
| Primeira menção de responsabilidade | Maria Alberta Menéres |
| Outras menções de responsabilidade | il. Carlos Barradas |
| 225 1# - Colecção | |
| Título próprio da colecção | Caracol |
| Indicação de volume | 6 |
| 210 ## - Publicação, Distribuição, etc. | |
| Lugar da edição, distribuição, etc. | Lisboa |
| Nome do editor, distribuidor, etc. | Plátano |
| Data da publicação, distribuição, etc. | [1976] |
| 606 ## - Nome comum usado como assunto | |
| Número de registo de entrada de autoridade | 0001365 |
| Palavra de ordem | Literatura portuguesa |
| Subdivisão de assunto | Lengalengas |
| Código do sistema | CA |
| 675 ## - Classificação Decimal Universal (CDU) | |
| Notação | 821.134.3-84 |
| Edição | 3ª ed. |
| Língua da edição | por |
| 702 #1 - Nome de autor-pessoa física (responsabilidade secundária) | |
| Número de registo de entrada de autoridade | 0001974 |
| Palavra de ordem | Barradas |
| Outra parte do nome não tomada para palavra de ordem | Carlos |
| Código de função | Ilustrador / Técnico de desenho computorizado |
| 700 #1 - Nome de autor-pessoa física (responsabilidade principal) | |
| Número de registo de entrada de autoridade | 0000051 |
| Palavra de ordem | Menéres |
| Outra parte do nome não tomada para palavra de ordem | Maria Alberta |
| Datas | 1930- |
| 966 ## - Identificação da Biblioteca | |
| Sigla | EBVEN |
| 942 ## - Elementos de entrada adicionados (Koha) | |
| Tipo de item no Koha | Livro |
| Situação do levantamento | Origin of item (home branch) (coded) | Biblioteca de empréstimo | Código de barras | Cota | Circulation type (not for loan) | Tipo de documento | Nota do exemplar | Damaged status |
|---|---|---|---|---|---|---|---|---|
| Biblioteca Escolar das Vendas | Biblioteca Escolar das Vendas | BEV630 | 8POR MEN | Livro | Sem mensagem | |||
| Biblioteca Escolar das Vendas | Biblioteca Escolar das Vendas | BEV368 | 8POR MEN | Livro | Sem mensagem |
